00679nam a2200169Ia 4500020001800000082001700018100002400035245008700059260004800146300001200194504001900206650006700225650005900292650005300351650004900404650005600453 a0-8389-0490-4 a025.04 SIE-O aSieburth, Janice F. 0aOnline search services in the Academic Library: planning, management and operation aChicagobAmerican Library Associationc1988 axi, 331 aincludes index aAcademic LibrariesvReference servicesvAutomationvManagement aReference services (Libraries)vAutomationvManagement aBibliographical servicesvAutomationvManagement aInformation servicesvAutomationvManagement aOn-line bibliographic searchingvReference services